000 00330nam a2200145Ia 4500
008 180921t2012 xxu||||| |||| 00| 0 eng d
041 _aeng
080 _a658
_bTHE
245 4 _aThe DSI Legacy
260 _bS.n.
_aS.I.
_c2012
300 _a114, 23 cm
942 _cBK
999 _c14021
_d14021
003 LK-CoDNM
040 _aLK-CoDNM
_dLK-CoDNM
_eLK-CoDNM